| 000 | 01145nam a22003497a 4500 | ||
|---|---|---|---|
| 003 | CHAP | ||
| 005 | 20220817040936.0 | ||
| 008 | 971013s1986 r 00010 d | ||
| 010 | _a3147 | ||
| 011 | _a4119 | ||
| 035 | _a3321 | ||
| 040 | _cCHAP | ||
| 090 | _aFolleto 13576 | ||
| 100 | 0 | 0 |
_aRodríguez P., Emel. _998764 |
| 245 | _aGuía para el establecimiento de almácigos de Gmelina arborea | ||
| 260 |
_aCartago, C. R. : _bInstituto Tecnológico de Costa Rica, _c1986 |
||
| 300 |
_a20 p. _b: ilus |
||
| 490 |
_aSerie Informativa. Tecnología apropiada _v; 16 |
||
| 500 | _aD48-208 | ||
| 590 |
_aBATCH-UPD _b10 _c20130110 _lUCH01 _h0132 |
||
| 590 |
_aBATCH-UPD _b10 _c20130110 _lUCH01 _h1836 |
||
| 590 |
_aBATCH-UPD _b10 _c20130409 _lUCH01 _h2129 |
||
| 590 |
_aBATCH-UPD _b10 _c20130410 _lUCH01 _h1208 |
||
| 590 |
_aBATCH-UPD _b10 _c20130914 _lUCH01 _h1556 |
||
| 590 |
_aCONVERSION _b10 _c20130109 _lUCH01 _h1303 |
||
| 650 | 1 | 4 |
_aGmelina arborea. _948343 |
| 650 | 1 | 4 |
_aPlántulas. _989193 |
| 830 | 0 |
_aSerie Informativa Tecnología Apropiada _v; 16 |
|
| 901 | _aBK | ||
| 942 | _cFOLL | ||
| 949 |
_aFolleto 13576 _bBC _cFOLL _d-12835 _eTS1 _i3321 _mD _si |
||
| 999 |
_c3147 _d3147 |
||